Automatic process control for chemical engineers (Record no. 25223)

000 -LEADER
fixed length control field 00528nam a2200193 4500
001 - CONTROL NUMBER
control field 25223
003 - CONTROL NUMBER IDENTIFIER
control field BD-DhUET
008 - FIXED-LENGTH DATA ELEMENTS--GENERAL INFORMATION
fixed length control field 150304b1956 xxu||||| |||| 00| 0 eng d
040 ## - CATALOGING SOURCE
Original cataloging agency DLC
Transcribing agency DLC
Modifying agency BD-DhUET
082 ## - DEWEY DECIMAL CLASSIFICATION NUMBER
Classification number 660.28
Item number CEA/1956
100 ## - MAIN ENTRY--PERSONAL NAME
Personal name Ceaglaske, Norman H.
245 ## - TITLE STATEMENT
Title Automatic process control for chemical engineers
250 ## - EDITION STATEMENT
Edition statement 1st ed.
260 ## - PUBLICATION, DISTRIBUTION, ETC. (IMPRINT)
Place of publication, distribution, etc. New Delhi
Name of publisher, distributor, etc. Wiley Eastern
Date of publication, distribution, etc. 1956
300 ## - PHYSICAL DESCRIPTION
Extent xiv, 228 p.
Other physical details ill.
Dimensions 23 cm.
504 ## - BIBLIOGRAPHY, ETC. NOTE
Bibliography, etc Includes bibliographies
650 #0 - SUBJECT ADDED ENTRY--TOPICAL TERM
Topical term or geographic name as entry element Chemical engineering
942 ## - ADDED ENTRY ELEMENTS (KOHA)
Koha item type General Book
Holdings
Location (home branch) Damaged status Koha full call number Lost status Withdrawn status Date acquired Not for loan Shelving location Koha item type Source of classification or shelving scheme Copy number Price effective from Koha date last seen Koha normalized classification for sorting Piece designation (barcode) Sublocation or collection (holding branch)
Central Library, BUET 660.28/CEA/1956  2015-05-13 Circulation sectionGeneral Book 12015-05-132015-05-13660_280000000000000_CEA_195632624Central Library, BUET
Central Library, BUET 660.28/CEA/1956  2015-05-13 Circulation sectionGeneral Book 22015-05-132015-05-13660_280000000000000_CEA_195632623Central Library, BUET
Central Library, BUET 660.28/CEA/1956  2015-05-13 Circulation sectionGeneral Book 32015-05-132015-05-13660_280000000000000_CEA_195632622Central Library, BUET
Central Library, BUET 660.28/CEA/1956  2015-05-13 Circulation sectionGeneral Book 42015-05-132015-05-13660_280000000000000_CEA_195632621Central Library, BUET
Central Library, BUET 660.28/CEA/1956  2015-05-13 Circulation sectionGeneral Book 52015-05-132015-05-13660_280000000000000_CEA_195620928Central Library, BUET
Central Library, BUET 660.28/CEA/1956  2015-05-13 Circulation sectionGeneral Book 62015-05-132015-05-13660_280000000000000_CEA_195637310Central Library, BUET
Central Library, BUET 660.28/CEA/1956  2015-05-13 Circulation sectionGeneral Book 72015-05-132015-05-13660_280000000000000_CEA_195632625Central Library, BUET
Central Library, BUET 660.28/CEA/1956  2015-05-13 Circulation sectionGeneral Book 82015-05-132015-05-13660_280000000000000_CEA_195611145Central Library, BUET
Central Library, BUET 660.28/CEA/1956  2015-05-13 Circulation sectionGeneral Book 92015-05-132015-05-13660_280000000000000_CEA_195611148Central Library, BUET
Central Library, BUET 660.28/CEA/1956  2015-05-13 Circulation sectionGeneral Book 102015-05-132015-05-13660_280000000000000_CEA_195611144Central Library, BUET
Central Library, BUET 660.28/CEA/1956  2015-05-13 Circulation sectionGeneral Book 112015-05-132015-05-13660_280000000000000_CEA_195612431Central Library, BUET
Central Library, BUET 660.28/CEA/1956  2015-05-13 Circulation sectionGeneral Book 122015-05-132015-05-13660_280000000000000_CEA_195610151Central Library, BUET